header

Archeology of the Death Valley salt pan, California (Record no. 180163)

MARC details
000 -LEADER
fixed length control field 01464nam a2200349 a 4500
082 04 - DEWEY DECIMAL CLASSIFICATION NUMBER
Classification number 970.4
100 1# - MAIN ENTRY--AUTHOR NAME
Personal name Hunt, Alice.
245 10 - TITLE STATEMENT
Title Archeology of the Death Valley salt pan, California
260 ## - PUBLICATION, DISTRIBUTION, ETC. (IMPRINT)
Place of publication [Salt Lake City :
Name of publisher University of Utah Press],
Year of publication 1960.
300 ## - PHYSICAL DESCRIPTION
Number of Pages xvi, 313 p. :
Other physical details ill., maps.
490 1# - SERIES STATEMENT
Series statement University of Utah. Dept. of Anthropology. Anthropological papers ;
650 #0 - SUBJECT ADDED ENTRY--TOPICAL TERM
Topical Term Indians of North America
Topical Term Indians of North America
856 40 - ELECTRONIC LOCATION AND ACCESS
Uniform Resource Identifier http://site.ebrary.com/lib/rucke/Doc?id=10294375

No items available.

© 2026 Rongo University
Contact us: librarian | system librarian | Rongo university